[Event "Titled Tuesday intern op 28th May Early"]
[Site "Chess.com INT"]
[Date "2024.05.28"]
[Round "1"]
[White "Beerdsen, Thomas"]
[Black "Parra Gomez, Adrian"]
[Result "1-0"]
[WhiteElo "2501"]
[BlackElo "2208"]
[PlyCount "73"]
[EventDate "2024.05.28"]
[EventType "swiss (blitz)"]
[EventRounds "11"]
[EventCountry "USA"]
[SourceTitle "EXT 2025"]
[Source "ChessBase"]
[SourceDate "2024.10.14"]
[SourceVersion "1"]
[SourceVersionDate "2024.10.14"]
[SourceQuality "1"]

1. e4 c5 2. Nf3 d6 3. d4 cxd4 4. Nxd4 Nf6 5. Nc3 a6 6. a3 e5 7. Nf5 d5 8. Bg5 d4 9. Bxf6 gxf6 10. Nb1 Bxf5 11. exf5 Nd7 12. Qh5 Nb6 13. Nd2 Qc7 14. Bd3 0-0-0 15. 0-0 Nd5 16. g3 Rg8 17. Kh1 Rg5 18. Qf3 Be7 19. Ne4 Rg7 20. Rfd1 h5 21. h4 Kb8 22. Rac1 Qb6 23. Bf1 Nc7 24. Bg2 Nb5 25. Rd3 a5 26. a4 Na7 27. Rb3 Bb4 28. c3 dxc3 29. bxc3 Nc6 30. cxb4 axb4 31. Qe3 Nd4 32. Rcb1 Rc8 33. Rxb4 Qc7 34. Nd6 Qxd6 35. Rxb7+ Ka8 36. Rb8+ Ka7 37. Rxc8 1-0

[Event "Titled Tuesday intern op 23rd Apr Early"]
[Site "Chess.com INT"]
[Date "2024.04.23"]
[Round "4"]
[White "Schut, Han"]
[Black "Parra Gomez, Adrian"]
[Result "1-0"]
[WhiteElo "2091"]
[BlackElo "2208"]
[PlyCount "123"]
[EventDate "2024.04.23"]
[EventType "swiss (blitz)"]
[EventRounds "11"]
[EventCountry "USA"]
[SourceTitle "EXT 2025"]
[Source "ChessBase"]
[SourceDate "2024.10.14"]
[SourceVersion "1"]
[SourceVersionDate "2024.10.14"]
[SourceQuality "1"]

1. e4 c5 2. Nf3 d6 3. d4 cxd4 4. Nxd4 Nf6 5. f3 e5 6. Bb5+ Nbd7 7. Nf5 a6 8. Bxd7+ Qxd7 9. Bg5 Qc6 10. Ne3 Be6 11. Bxf6 gxf6 12. Nc3 0-0-0 13. Ncd5 Kb8 14. c4 Bh6 15. b3 Qc5 16. Qd3 Rhg8 17. g4 Bg5 18. h4 Bxe3 19. Nxe3 b5 20. Ke2 h5 21. Rhg1 hxg4 22. fxg4 Rh8 23. h5 Rdg8 24. cxb5 Qxb5 25. Qxb5+ axb5 26. a4 Bxb3 27. axb5 Kb7 28. Ra6 Ra8 29. Rga1 Rxa6 30. Rxa6 Rd8 31. Nf5 Bc4+ 32. Ke3 Bxb5 33. Rxd6 Rg8 34. Kf3 Ba4 35. Ne3 Kc7 36. Rxf6 Bb3 37. h6 Kd7 38. g5 Ke7 39. Rf5 Be6 40. Nd5+ Kd6 41. Kg4 Bxf5+ 42. Kxf5 Rh8 43. Kf6 Ra8 44. Kxf7 Kc5 45. h7 Kd4 46. g6 Kxe4 47. Nf6+ Kf5 48. Ng8 Ra7+ 49. Kf8 Kxg6 50. h8Q Ra8+ 51. Ke7 Ra7+ 52. Kd6 Ra6+ 53. Kc5 Kf5 54. Qh5+ Ke4 55. Ne7 Ra5+ 56. Kb4 Ra7 57. Qf5+ Kd4 58. Nc6+ Kd5 59. Nxa7 Kd6 60. Nb5+ Kd5 61. Nc3+ Kd4 62. Qe4# 1-0

[Event "Titled Tuesday intern op 19th Mar Early"]
[Site "Chess.com INT"]
[Date "2024.03.19"]
[Round "2"]
[White "Parra Gomez, Adrian"]
[Black "Matveeva, Olga"]
[Result "1-0"]
[WhiteElo "2208"]
[BlackElo "2156"]
[PlyCount "73"]
[EventDate "2024.03.19"]
[EventType "swiss (blitz)"]
[EventRounds "11"]
[EventCountry "USA"]
[SourceTitle "EXT 2025"]
[Source "ChessBase"]
[SourceDate "2024.10.14"]
[SourceVersion "1"]
[SourceVersionDate "2024.10.14"]
[SourceQuality "1"]

1. d4 d5 2. c4 e6 3. Nc3 Nf6 4. Nf3 a6 5. cxd5 exd5 6. Bf4 Bd6 7. Qd2 Bf5 8. Rc1 c6 9. Ne5 0-0 10. e3 Re8 11. Be2 Qe7 12. 0-0 Nbd7 13. Nd3 Ne4 14. Nxe4 Bxe4 15. Bxd6 Qxd6 16. Nc5 Nxc5 17. Rxc5 Re6 18. Bd3 Rh6 19. h3 Re8 20. Bxe4 Rxe4 21. Qb4 Qd7 22. Rfc1 Rxh3 23. Rxc6 bxc6 24. gxh3 h5 25. Qb8+ Kh7 26. Qg3 h4 27. Qf3 g6 28. Rc3 Kg7 29. Rb3 Qe6 30. Rb8 Qd6 31. Rb7 Qe6 32. Kf1 c5 33. dxc5 Rc4 34. b4 Rc1+ 35. Kg2 d4 36. exd4 Rc2 37. d5 1-0

[Event "Titled Tuesday intern op 05th Mar Early"]
[Site "Chess.com INT"]
[Date "2024.03.05"]
[Round "2"]
[White "Bergan, Gaute"]
[Black "Parra Gomez, Adrian"]
[Result "0-1"]
[WhiteElo "1998"]
[BlackElo "2208"]
[PlyCount "58"]
[EventDate "2024.03.05"]
[EventType "swiss (blitz)"]
[EventRounds "11"]
[EventCountry "USA"]
[SourceTitle "EXT 2025"]
[Source "ChessBase"]
[SourceDate "2024.10.14"]
[SourceVersion "1"]
[SourceVersionDate "2024.10.14"]
[SourceQuality "1"]

1. e4 c5 2. c3 d5 3. exd5 Qxd5 4. d4 Nc6 5. Nf3 Bg4 6. Be2 cxd4 7. cxd4 e6 8. Nc3 Bb4 9. 0-0 Qa5 10. h3 Bh5 11. d5 exd5 12. Nxd5 0-0-0 13. Qb3 Qxd5 14. Bc4 Qa5 15. Bg5 Nf6 16. Bxf7 Bxf7 17. Qxf7 Rd7 18. Qe6 Qd5 19. Qe2 Re8 20. Qc2 Qe4 21. Qc1 Rd3 22. a3 Ba5 23. b4 Bc7 24. Re1 Qg6 25. Rxe8+ Nxe8 26. b5 Nd4 27. Ne5 Ne2+ 28. Kf1 Nxc1 29. Nxg6 Rd1# 0-1

[Event "Titled Tuesday intern op 27th Feb Early"]
[Site "Chess.com INT"]
[Date "2024.02.27"]
[Round "5"]
[White "Parra Gomez, Adrian"]
[Black "Gubajdullin, Alexey"]
[Result "0-1"]
[WhiteElo "2208"]
[BlackElo "2253"]
[PlyCount "54"]
[EventDate "2024.02.27"]
[EventType "swiss (blitz)"]
[EventRounds "11"]
[EventCountry "USA"]
[SourceTitle "EXT 2025"]
[Source "ChessBase"]
[SourceDate "2024.10.14"]
[SourceVersion "1"]
[SourceVersionDate "2024.10.14"]
[SourceQuality "1"]

1. d4 Nf6 2. c4 g6 3. Nc3 Bg7 4. e4 d6 5. Be2 0-0 6. Be3 Na6 7. h4 e5 8. d5 Nc5 9. Qc2 a5 10. h5 Nxh5 11. Bxh5 gxh5 12. Rxh5 Qe8 13. Bh6 f6 14. Rh2 Qg6 15. Bxg7 Qxg7 16. Nge2 f5 17. Ng3 fxe4 18. Ncxe4 Nxe4 19. Nxe4 Bf5 20. 0-0-0 a4 21. Rdh1 a3 22. b3 Bg6 23. f3 Rf4 24. Rh4 Raf8 25. Qd3 Bxe4 26. fxe4 Rxh4 27. Rxh4 Qxg2 0-1

[Event "Titled Tuesday intern op 27th Feb Early"]
[Site "Chess.com INT"]
[Date "2024.02.27"]
[Round "10"]
[White "Parra Gomez, Adrian"]
[Black "Kuzhilniy, Oleksandr"]
[Result "0-1"]
[WhiteElo "2208"]
[BlackElo "2238"]
[PlyCount "84"]
[EventDate "2024.02.27"]
[EventType "swiss (blitz)"]
[EventRounds "11"]
[EventCountry "USA"]
[SourceTitle "EXT 2025"]
[Source "ChessBase"]
[SourceDate "2024.10.14"]
[SourceVersion "1"]
[SourceVersionDate "2024.10.14"]
[SourceQuality "1"]

1. d4 e6 2. c4 Nf6 3. Nc3 d5 4. Nf3 c6 5. Bg5 Nbd7 6. Qc2 dxc4 7. e4 b5 8. a3 h6 9. Bf4 Be7 10. Rd1 Bb7 11. Be2 0-0 12. h3 Qb6 13. 0-0 c5 14. d5 exd5 15. e5 Nh5 16. Bh2 d4 17. Ne4 d3 18. Bxd3 cxd3 19. Qxd3 Rad8 20. Nd6 Bxd6 21. exd6 Bxf3 22. Qxf3 Nhf6 23. Rfe1 Rfe8 24. Re7 c4 25. Rde1 Rxe7 26. dxe7 Re8 27. Qf5 Nc5 28. Rd1 Rxe7 29. Bf4 Nd3 30. Be3 Qe6 31. Qxb5 Ne4 32. Qb8+ Kh7 33. b3 Nexf2 34. Bxf2 Nxf2 35. Rf1 Ne4 36. bxc4 Qb6+ 37. Qxb6 axb6 38. Rb1 Re6 39. a4 Nd2 40. Rb4 Rc6 41. c5 bxc5 42. Rb1 Nxb1 0-1

[Event "Titled Tuesday intern op 27th Feb Early"]
[Site "Chess.com INT"]
[Date "2024.02.27"]
[Round "3"]
[White "Parra Gomez, Adrian"]
[Black "Serra Canals, Oriol"]
[Result "1-0"]
[WhiteElo "2208"]
[BlackElo "2155"]
[PlyCount "35"]
[EventDate "2024.02.27"]
[EventType "swiss (blitz)"]
[EventRounds "11"]
[EventCountry "USA"]
[SourceTitle "EXT 2025"]
[Source "ChessBase"]
[SourceDate "2024.10.14"]
[SourceVersion "1"]
[SourceVersionDate "2024.10.14"]
[SourceQuality "1"]

1. d4 Nf6 2. c4 e6 3. Nc3 Bb4 4. f3 Bxc3+ 5. bxc3 d5 6. cxd5 exd5 7. e3 0-0 8. Bd3 b6 9. Ne2 Ba6 10. Bxa6 Nxa6 11. 0-0 Re8 12. Ng3 Qd7 13. Qd3 Nb8 14. e4 dxe4 15. fxe4 Nc6 16. Rxf6 gxf6 17. Nh5 Qe7 18. Qg3+ 1-0

[Event "Titled Tuesday intern op 27th Feb Early"]
[Site "Chess.com INT"]
[Date "2024.02.27"]
[Round "8"]
[White "Yaniv, Ori"]
[Black "Parra Gomez, Adrian"]
[Result "0-1"]
[WhiteElo "2105"]
[BlackElo "2208"]
[PlyCount "102"]
[EventDate "2024.02.27"]
[EventType "swiss (blitz)"]
[EventRounds "11"]
[EventCountry "USA"]
[SourceTitle "EXT 2025"]
[Source "ChessBase"]
[SourceDate "2024.10.14"]
[SourceVersion "1"]
[SourceVersionDate "2024.10.14"]
[SourceQuality "1"]

1. e4 d5 2. exd5 Nf6 3. Bb5+ Nbd7 4. d4 Nxd5 5. Nf3 e6 6. 0-0 Be7 7. a3 0-0 8. Bd3 c5 9. c4 N5b6 10. Be3 cxd4 11. Bxd4 Bf6 12. Bc3 Nc5 13. Be2 Bd7 14. b4 Nca4 15. Qc2 Rc8 16. c5 Nd5 17. Bxf6 Qxf6 18. Ra2 b6 19. Ba6 Rc7 20. Nbd2 bxc5 21. Ne4 Qg6 22. b5 Nab6 23. Nxc5 Qxc2 24. Rxc2 Bc8 25. Rfc1 Bxa6 26. Nxa6 Rxc2 27. Rxc2 h6 28. Ne5 Rd8 29. Nc6 Rd7 30. Nc5 Rc7 31. a4 g5 32. a5 Nd7 33. Nxd7 Rxd7 34. a6 Nb6 35. g3 h5 36. Nb8 Rd5 37. Rc7 Rxb5 38. Rxa7 h4 39. Rb7 h3 40. f3 g4 41. fxg4 Rb1+ 42. Kf2 Rb2+ 43. Kf3 f5 44. gxf5 exf5 45. a7 Rb3+ 46. Kf4 Nd5+ 47. Kxf5 Rxb7 48. a8Q Rf7+ 49. Ke5 Ne7 50. Nd7+ Kh7 51. Nf6+ Kg7 0-1

[Event "Titled Tuesday intern op 20th Feb Early"]
[Site "Chess.com INT"]
[Date "2024.02.20"]
[Round "3"]
[White "Parra Gomez, Adrian"]
[Black "Onslow, Alfie"]
[Result "1-0"]
[WhiteElo "2208"]
[BlackElo "2166"]
[PlyCount "141"]
[EventDate "2024.02.20"]
[EventType "swiss (blitz)"]
[EventRounds "11"]
[EventCountry "USA"]
[SourceTitle "EXT 2025"]
[Source "ChessBase"]
[SourceDate "2024.10.14"]
[SourceVersion "1"]
[SourceVersionDate "2024.10.14"]
[SourceQuality "1"]

1. d4 d5 2. c4 e6 3. Nc3 c6 4. Nf3 dxc4 5. g3 b5 6. Bg2 Bb7 7. Ne5 Qb6 8. Be3 Nf6 9. 0-0 Nd5 10. a4 Nxe3 11. fxe3 f6 12. Nf3 Nd7 13. Nd2 Be7 14. Qb1 0-0 15. Qe4 e5 16. axb5 f5 17. Rxf5 Rxf5 18. Qxf5 exd4 19. Nxc4 Qc5 20. Qe6+ Kh8 21. Ne4 Qd5 22. Ng5 Qxg5 23. Qxd7 Qxb5 24. Qxe7 Qxc4 25. Qxb7 Rg8 26. Qxc6 Qxe2 27. exd4 Qxb2 28. Rf1 Qxd4+ 29. Kh1 a5 30. Qd5 Qxd5 31. Bxd5 Rd8 32. Be6 g6 33. Ra1 Rd6 34. Bc4 Rd4 35. Bb5 Rd5 36. Rxa5 Kg7 37. Ra7+ Kh6 38. Be2 Rd2 39. Bf3 Rf2 40. Ra3 Kg5 41. Kg1 Rb2 42. Ra5+ Kf6 43. Ra6+ Kg5 44. Ra1 h5 45. Rf1 h4 46. Bg2 hxg3 47. hxg3 Kg4 48. Kh2 g5 49. Rd1 Kh5 50. Rd4 Kg6 51. Kh3 Kf6 52. Bf3 Rf2 53. Kg4 Ke5 54. Re4+ Kf6 55. Re2 Rf1 56. Bd5 Rd1 57. Re6+ Kg7 58. Rd6 Kf8 59. Kxg5 Ke7 60. Re6+ Kd7 61. Re5 Kd6 62. Rf5 Rg1 63. g4 Re1 64. Bf3 Re8 65. Kf4 Rg8 66. g5 Ke7 67. Bh5 Ra8 68. g6 Ra4+ 69. Kg5 Ra1 70. g7 Rg1+ 71. Bg4 1-0

[Event "Titled Tuesday intern op 30th Jan Early"]
[Site "Chess.com INT"]
[Date "2024.01.30"]
[Round "6"]
[White "Parra Gomez, Adrian"]
[Black "Barria Zuniga, Daniel"]
[Result "1/2-1/2"]
[WhiteElo "2208"]
[BlackElo "2341"]
[PlyCount "229"]
[EventDate "2024.01.30"]
[EventType "swiss (blitz)"]
[EventRounds "11"]
[EventCountry "USA"]
[SourceTitle "EXT 2025"]
[Source "ChessBase"]
[SourceDate "2024.10.14"]
[SourceVersion "1"]
[SourceVersionDate "2024.10.14"]
[SourceQuality "1"]

1. d4 g6 2. c4 Bg7 3. Nc3 d6 4. e4 Nf6 5. Be2 0-0 6. Be3 c5 7. d5 e6 8. dxe6 Bxe6 9. h3 Nc6 10. Nf3 Qb6 11. Qc2 Nd4 12. Bxd4 cxd4 13. Nd5 Nxd5 14. exd5 Bf5 15. Qd2 d3 16. Bxd3 Bxd3 17. Qxd3 Rfe8+ 18. Kf1 Qxb2 19. Rb1 Qxa2 20. Rxb7 a5 21. g4 Rec8 22. Nd2 Rcb8 23. Rxb8+ Rxb8 24. Kg2 a4 25. Re1 a3 26. c5 dxc5 27. d6 Bd4 28. Ne4 Qb3 29. Qxb3 Rxb3 30. d7 Rb8 31. Nxc5 Rf8 32. Nb3 Bf6 33. Re2 Kg7 34. Na5 Ra8 35. Nc6 a2 36. d8Q Bxd8 37. Rxa2 Rxa2 38. Nxd8 Ra6 39. Nb7 Rc6 40. Na5 Rc5 41. Nb3 Rd5 42. Nc1 Kf6 43. Ne2 Ra5 44. Nc3 Kg5 45. Ne4+ Kh4 46. Nd6 Ra7 47. Nc4 h5 48. gxh5 Kxh5 49. Ne5 Kh4 50. Nf3+ Kh5 51. Ne5 Kh6 52. Kg3 Kg7 53. f3 Ra1 54. Ng4 f6 55. Nf2 Kf7 56. Ne4 Ke6 57. Nc5+ Kf5 58. Nd3 Kg5 59. Nc5 f5 60. Nb3 Rb1 61. Nd2 Rb8 62. Nc4 Ra8 63. Nd6 Ra1 64. h4+ Kf6 65. Nc4 Re1 66. Nd2 Re8 67. Nc4 Re6 68. Nd2 Rc6 69. Nb3 Rc4 70. Nd2 Rb4 71. Nf1 Kg7 72. Kf2 Rxh4 73. Kg3 Ra4 74. Nd2 Kh6 75. Nb3 Rc4 76. Nd2 Rb4 77. Nf1 Kg5 78. Nd2 Kf6 79. f4 Kg7 80. Nf3 Kh6 81. Ne5 Kh5 82. Nf3 Rb3 83. Kg2 Kg4 84. Nd4 Rb2+ 85. Kg1 Kxf4 86. Ne6+ Kg4 87. Nc5 Rb1+ 88. Kf2 Rb2+ 89. Kg1 Rb8 90. Nd3 Re8 91. Kf2 f4 92. Nc5 Kf5 93. Nd7 Re4 94. Nc5 Re3 95. Nb7 g5 96. Nd6+ Kg4 97. Nc4 Rf3+ 98. Kg2 Rc3 99. Ne5+ Kf5 100. Nf7 Rc2+ 101. Kf1 Rd2 102. Nh6+ Ke4 103. Ng4 Kf3 104. Ne5+ Ke4 105. Ng4 Kf5 106. Nh6+ Kg6 107. Ng4 Kh5 108. Ne5 Kh4 109. Nf3+ Kg3 110. Nxd2 g4 111. Ne4+ Kh3 112. Nf2+ Kg3 113. Ne4+ Kf3 114. Ng5+ Kg3 115. Ne4+ 1/2-1/2

[Event "Titled Tuesday intern op 23rd Jan Early"]
[Site "Chess.com INT"]
[Date "2024.01.23"]
[Round "3"]
[White "Bhandari, Krish"]
[Black "Parra Gomez, Adrian"]
[Result "1/2-1/2"]
[WhiteElo "1991"]
[BlackElo "2208"]
[PlyCount "121"]
[EventDate "2024.01.23"]
[EventType "swiss (blitz)"]
[EventRounds "11"]
[EventCountry "USA"]
[SourceTitle "EXT 2025"]
[Source "ChessBase"]
[SourceDate "2024.10.14"]
[SourceVersion "1"]
[SourceVersionDate "2024.10.14"]
[SourceQuality "1"]

1. e4 c5 2. Nf3 d6 3. g3 Nf6 4. Nc3 Nc6 5. Bg2 Bg4 6. h3 Bd7 7. 0-0 Qc8 8. Kh2 h6 9. d4 g5 10. e5 g4 11. exf6 gxf3 12. fxe7 fxg2 13. exf8R+ Kxf8 14. Re1 Nxd4 15. Qh5 Bxh3 16. Bxh6+ Rxh6 17. Qxh6+ Kg8 18. Qxh3 Nf3+ 19. Kxg2 Nxe1+ 20. Rxe1 Qxh3+ 21. Kxh3 Kf8 22. Rd1 Rd8 23. Nb5 d5 24. a3 a6 25. Nc3 d4 26. Ne4 c4 27. Kg2 b5 28. Kf3 Ke7 29. Nc5 Rd6 30. Ke4 Rc6 31. Nb7 Rb6 32. Na5 Re6+ 33. Kf3 Rd6 34. b3 c3 35. Rd3 Ke6 36. b4 Kd5 37. Nb3 Kc4 38. Ke4 Re6+ 39. Kf4 Rf6+ 40. Kg4 Rd6 41. f4 Rd7 42. f5 Rd6 43. Kf4 Rd7 44. g4 Rd8 45. g5 Rd7 46. g6 fxg6 47. fxg6 Rd8 48. Kg5 a5 49. Kh6 a4 50. Na5+ Kd5 51. g7 Ke4 52. Kh7 Rd7 53. Kh8 Rd8+ 54. g8Q Rxg8+ 55. Kxg8 Kd5 56. Nc6 Kxc6 57. Rxd4 Kb6 58. Rd3 Kc6 59. Rxc3+ Kd5 60. Rd3+ Kc4 61. Kf7 1/2-1/2

[Event "Titled Tuesday intern op 23rd Jan Early"]
[Site "Chess.com INT"]
[Date "2024.01.23"]
[Round "1"]
[White "Parra Gomez, Adrian"]
[Black "Norowitz, Yaacov"]
[Result "1/2-1/2"]
[WhiteElo "2208"]
[BlackElo "2402"]
[PlyCount "133"]
[EventDate "2024.01.23"]
[EventType "swiss (blitz)"]
[EventRounds "11"]
[EventCountry "USA"]
[SourceTitle "EXT 2025"]
[Source "ChessBase"]
[SourceDate "2024.10.14"]
[SourceVersion "1"]
[SourceVersionDate "2024.10.14"]
[SourceQuality "1"]

1. d4 Nf6 2. c4 e5 3. dxe5 Ne4 4. Nd2 Bb4 5. a3 Bxd2+ 6. Bxd2 Nc6 7. Nf3 Nxd2 8. Qxd2 0-0 9. e3 Qe7 10. Qc3 Re8 11. Be2 Nxe5 12. Nxe5 Qxe5 13. Qxe5 Rxe5 14. 0-0 d6 15. Rac1 Bd7 16. Rfd1 Bc6 17. Rd4 a5 18. Rc3 a4 19. f4 Re7 20. Kf2 b6 21. Bf3 Bxf3 22. gxf3 g6 23. e4 f6 24. h4 Kf7 25. Rc1 Ra5 26. Rh1 h6 27. Rd5 Rc5 28. Rxc5 bxc5 29. h5 g5 30. Ke3 Re8 31. fxg5 fxg5 32. f4 gxf4+ 33. Kxf4 Rb8 34. Rh2 Rb3 35. e5 Rd3 36. exd6 cxd6 37. Kf5 Rd4 38. Rg2 Rh4 39. Rf2 Rxc4 40. Rd2 Ke7 41. Rg2 Kf7 42. Rg6 Rd4 43. Rxh6 Rd5+ 44. Ke4 Rd2 45. Kf5 Rf2+ 46. Ke4 Ke7 47. Kd5 Rd2+ 48. Kc6 Rxb2 49. Rxd6 c4 50. h6 c3 51. Rd3 c2 52. Rc3 Kf7 53. Kd5 Kg6 54. Kd4 Kxh6 55. Kd3 Kg5 56. Rxc2 Rxc2 57. Kxc2 Kf6 58. Kc3 Ke7 59. Kb4 Kd8 60. Kxa4 Kc8 61. Kb5 Kb8 62. Ka6 Ka8 63. a4 Kb8 64. a5 Ka8 65. Kb6 Kb8 66. a6 Ka8 67. a7 1/2-1/2